000
00289nam a2200133Ia 4500
100
_a
Myer/ John.N
650
_a
Economics
942
_c
BK
654
_a
Analysis
245
_a
Financial Statement Analysis
260
_b
Prentice Hall of India
_c
2001
300
_a
270
546
_a
ENGLISH
999
_c
22781
_d
22781